000
002920000a22000970004500
100
1
_a
Barrick, W. Boyd (1946-)
245
1
0
_a
Saul's demise, Dabvid's Lament, and custer last stand
300
_a
Núm 73 (1997), Páginas 25-41
773
0
_t
Journal for the Study of the Old Testament
942
_c
ANA
999
_c
54860
_d
54860